Największe miasta w Polsce - Statystyki

Ogólne statystyki
  • Ten quiz został rozwiązany 45 razy
  • Średni wynik to 17 z 20
Statystyki odpowiedzi
Ludność Miasto % Poprawnych
6 486 492 Gdańsk
100%
5 540 146 Poznań
100%
1 1 861 644 Warszawa
100%
2 804 237 Kraków
97%
3 674 132 Wrocław
97%
12 242 141 Gdynia
94%
11 279 119 Katowice
94%
4 655 279 Łódź
94%
7 390 278 Szczecin
94%
18 183 147 Kielce
86%
8 330 447 Lublin
86%
9 328 370 Bydgoszcz
81%
14 197 536 Rzeszów
81%
10 292 058 Białystok
78%
16 195 263 Toruń
78%
13 207 117 Częstochowa
69%
20 167 844 Olsztyn
64%
15 196 918 Radom
64%
19 170 457 Gliwice
61%
17 188 151 Sosnowiec
53%
Nie znaleziono quizów pasujących do podanych kryteriów
Rozkład punktacji
Procent ludzi z każdym wynikiem
Percentyl według liczby udzielonych odpowiedzi
Twoja historia wyników
Nie rozwiązałeś tego quizu